000 00443nam a2200157Ia 4500
005 20241107015032.0
008 240331s9999 xx 000 0 und d
020 _a
082 _bHET
_a823
100 _aHettiarachchi, A. M
245 2 _aA Sinhalese and A Tamil
260 _aColombo
_bSt Joseph press
_c1958
300 _a117 p .,
500 _aThe incidents reported in this book are true but the characters are fictitious.
942 _cL
999 _c5734
_d5734